=LDR 00000nam 2200000 4500 =001 INLIS000000000016560 =005 20130612111835 =008 ***********************************Ind** =035 ##$$0010-061300000016560 =041 ##$$a Ind =082 ##$$a 398.309 598 2 =090 ##$$a 398.309 598 2, Mar s =100 ##$$a Marhiyanto, Bambang =245 ##$$a Siti Jenah menggugat, Bambang Marhiyanto =260 ##$$a 2000 $b Surabay =300 ##$$a vii, 128 hlm, 21 cm =650 ##$$a Cerita Rakyat-Jawa =850 ##$$a NBPNMAT